[Event "38th Olympiad w"]
[Site "Dresden GER"]
[Date "2008.11.17"]
[Round "5"]
[White "Ostry,I"]
[Black "Walallawita,L"]
[Result "1-0"]
[WhiteElo "2183"]
[BlackElo "1818"]
[EventDate "2008.11.13"]

1. e4 c5 2. Nf3 d6 3. c3 Nf6 4. h3 Nc6 5. Bd3 e5 6. Bc2 Be6 7. O-O h6 8. d4
cxd4 9. cxd4 Bd7 10. Nc3 Be7 11. a3 a6 12. Be3 O-O 13. b4 b5 14. d5 Na7 15.
Bd3 Qb8 16. Nd2 Bd8 17. Qf3 Bb6 18. Bxh6 gxh6 19. Qxf6 Kh7 20. Ne2 Bd8 21.
Qf3 Bg5 22. Nb3 Nc8 23. Ng3 Ne7 24. Nf5 Nxf5 25. exf5 f6 26. g3 Rg8 27. Kh2
Be8 28. h4 Bf7 29. hxg5 Rxg5 30. Nd2 Bh5 31. Qe3 Bg4 32. Rac1 Qg8 33. Nf3
Rh5+ 34. Nh4 Qg5 35. Qxg5 hxg5 36. f3 Bxf3 37. Rxf3 gxh4 38. g4 Rg5 39. Kh3
Rag8 40. Rg1 Rc8 41. Kxh4 Rc3 42. Ra1 Rb3 43. Kg3 Rc3 44. a4 Rb3 45. Rb1
bxa4 46. Rxb3 axb3 47. Bxa6 Rg8 48. Rxb3 Rb8 49. b5 Kg8 50. Rc3 Kf8 51.
Rc8+ 1-0

[Event "38th Olympiad w"]
[Site "Dresden GER"]
[Date "2008.11.17"]
[Round "5"]
[White "Tilenbaev,B"]
[Black "Thilakawardana,S"]
[Result "0-1"]
[WhiteElo "1980"]
[BlackElo "1815"]
[EventDate "2008.11.13"]

1. e4 c5 2. Nc3 Nc6 3. Bc4 g6 4. f4 Bg7 5. Nf3 e6 6. d3 Nge7 7. O-O O-O 8.
Qe1 d5 9. Bb3 a6 10. Qh4 b5 11. a4 b4 12. Ne2 Na5 13. Ba2 Bd7 14. f5 exf5
15. Bg5 f6 16. Be3 c4 17. exd5 b3 18. cxb3 cxb3 19. Bb1 Nxd5 20. Bh6 g5 21.
Qd4 Ne7 22. Bxg7 Kxg7 23. Nxg5 Nac6 24. Qc3 Qb6+ 25. Kh1 Nd5 26. Qd2 fxg5
27. Qxg5+ Kh8 28. a5 Qe3 29. Qxe3 Nxe3 30. Rf3 Rae8 31. Ng3 Nd4 32. Rf4 Ng4
33. h3 Re1+ 34. Rf1 Rxf1+ 35. Nxf1 Nf2+ 36. Kh2 Nd1 37. Nd2 Nxb2 38. Ra3
Rb8 39. Nc4 Nxc4 40. dxc4 Nc2 0-1

[Event "38th Olympiad w"]
[Site "Dresden GER"]
[Date "2008.11.17"]
[Round "5"]
[White "Sammalvuo,N"]
[Black "Topel,Z"]
[Result "0-1"]
[WhiteElo "2245"]
[BlackElo "2214"]
[EventDate "2008.11.13"]

1. e4 c5 2. Nf3 d6 3. d4 cxd4 4. Nxd4 Nf6 5. Nc3 Nc6 6. Be2 e5 7. Nf3 h6 8.
O-O Be7 9. Re1 O-O 10. h3 Be6 11. Bf1 Qd7 12. b3 Nh7 13. Nd5 Bd8 14. Ba3
Kh8 15. c4 Ng5 16. Nxg5 Bxg5 17. Ne3 Rad8 18. Bd3 b6 19. Rb1 Ne7 20. Qf3 g6
21. Rbd1 Qc7 22. g3 f5 23. h4 Bxe3 24. Qxe3 f4 25. Qd2 Nc6 26. Bb2 Kh7 27.
b4 Qf7 28. a3 Bg4 29. Rc1 Qe6 30. Bf1 g5 31. hxg5 hxg5 32. b5 Qh6 33. f3
Bxf3 34. Qh2 Qxh2+ 35. Kxh2 Na5 36. gxf4 Rxf4 37. Re3 Kg7 38. Kg3 Bxe4 39.
Rd1 Nb7 40. Bh3 Rdf8 41. Bg4 R8f6 42. Bc3 Rh6 43. Bb4 Rh4 44. Bc8 Nc5 45.
Rxd6 Rh1 46. Re1 Rxe1 47. Bxe1 Bg6 48. Rc6 Rxc4 49. Bb4 Be8 50. Rc7+ Kf6
51. Kf3 Bxb5 52. Rxa7 Bc6+ 53. Ke3 Re4+ 54. Kd2 Rd4+ 55. Kc2 Rc4+ 56. Kd2
Bb5 57. Bh3 Rd4+ 58. Kc2 g4 59. Bg2 Bd3+ 60. Kb2 Be4 61. Bxe4 Rxe4 62. Bxc5
bxc5 63. Ra8 Kf5 0-1

[Event "38th Olympiad w"]
[Site "Dresden GER"]
[Date "2008.11.17"]
[Round "5"]
[White "Yanik,E"]
[Black "Walta,P"]
[Result "1/2-1/2"]
[WhiteElo "2049"]
[BlackElo "1824"]
[EventDate "2008.11.13"]

1. d4 f5 2. Nf3 Nf6 3. c4 g6 4. Nc3 Bg7 5. g3 O-O 6. Bg2 c6 7. O-O d6 8.
Qc2 Na6 9. a3 Qe8 10. e3 Nc7 11. b3 e5 12. dxe5 dxe5 13. Bb2 Qe7 14. Ne2
Ne4 15. Nd2 Nxd2 16. Qxd2 Rd8 17. Qc3 Ne8 18. Qc2 Be6 19. Rfd1 Rd7 20. Rxd7
Bxd7 21. Rd1 Be6 22. Qd2 Bf6 23. Qa5 Bf7 24. Qd2 Be6 25. Qa5 Bf7 26. Qd2
Be6 27. Qa5 Bf7 1/2-1/2

[Event "38th Olympiad w"]
[Site "Dresden GER"]
[Date "2008.11.17"]
[Round "5"]
[White "Saleh,No"]
[Black "Vargas,Ga"]
[Result "0-1"]
[WhiteElo "1876"]
[BlackElo "2055"]
[EventDate "2008.11.13"]

1. d4 d5 2. c4 e6 3. Nc3 Nf6 4. Bg5 Nbd7 5. Nf3 c6 6. e3 Qa5 7. Bxf6 Nxf6
8. Nd2 Bb4 9. Qc2 O-O 10. Nb3 Qc7 11. a3 Bxc3+ 12. Qxc3 Ne4 13. Qc2 Qe7 14.
Bd3 f5 15. O-O e5 16. cxd5 cxd5 17. Rad1 b6 18. dxe5 Qxe5 19. Qc6 Rb8 20.
f4 Qe8 21. Bxe4 Qxc6 22. Bxd5+ Qxd5 23. Rxd5 Be6 24. Rd3 Bc4 25. Rfd1 Bxd3
26. Rxd3 Rfd8 27. Nd4 Rbc8 28. Rd2 Rc4 29. Re2 g6 30. Kf2 Rd5 31. b3 Rc1
32. a4 a6 33. h3 Kf7 34. Kg3 Rxd4 35. exd4 Rc3+ 36. Kf2 Rxb3 37. a5 bxa5
38. Ra2 Rb5 39. g3 Ke6 40. h4 Kd5 41. Ke3 Kc4 42. Rc2+ Kb3 43. Kd3 a4 44.
Rc3+ Kb4 45. Rc4+ Ka5 46. Kc2 a3 47. Rc3 Ka4 48. Rc6 a5 49. Re6 a2 50. Re1
Rb1 51. Rxb1 axb1=Q+ 52. Kxb1 Kb4 0-1

[Event "38th Olympiad w"]
[Site "Dresden GER"]
[Date "2008.11.17"]
[Round "5"]
[White "Alderete,J"]
[Black "Jamila,J"]
[Result "1/2-1/2"]
[WhiteElo "1524"]
[BlackElo "1744"]
[EventDate "2008.11.13"]

1. d4 d5 2. Nf3 Nf6 3. Bf4 e6 4. e3 c5 5. c3 Bd6 6. Bxd6 Qxd6 7. Bd3 O-O 8.
O-O Nc6 9. Nbd2 e5 10. dxe5 Nxe5 11. Nxe5 Qxe5 12. Nf3 Qe7 13. Re1 Bg4 14.
h3 Bh5 15. Be2 Rfd8 16. Qc2 Rac8 17. Rad1 Qc7 18. Nh2 Bg6 19. Bd3 d4 20.
Bxg6 hxg6 21. cxd4 cxd4 22. Qxc7 Rxc7 23. Rxd4 Rxd4 24. exd4 Rc2 25. Rb1
Ne4 26. Nf3 Nd2 27. Nxd2 Rxd2 28. Kf1 Rxd4 29. Re1 Kf8 30. a3 Rd2 31. Re2
Rd1+ 32. Re1 Rd2 33. Re2 Rd1+ 1/2-1/2

[Event "38th Olympiad w"]
[Site "Dresden GER"]
[Date "2008.11.17"]
[Round "5"]
[White "Baklanova,T"]
[Black "Boric,E"]
[Result "1-0"]
[WhiteElo "2231"]
[BlackElo "2292"]
[EventDate "2008.11.13"]

1. d4 d6 2. g3 f5 3. Bg2 Nf6 4. Nf3 g6 5. O-O Bg7 6. b3 O-O 7. Bb2 Qe8 8.
c4 Nbd7 9. Nc3 c6 10. Qc2 e5 11. dxe5 dxe5 12. Ba3 e4 13. Ng5 c5 14. Nb5 e3
15. f4 Qe7 16. Nc7 Rb8 17. Nce6 Re8 18. Nxg7 Kxg7 19. Bb2 b6 20. Rad1 Bb7
21. Rxd7 Qxd7 22. Bxf6+ Kh6 23. Rd1 Qc7 24. Bd5 Bxd5 25. Rxd5 Rb7 26. Qd1
Qc6 27. Rd6 Qc7 28. Qf1 1-0

[Event "38th Olympiad w"]
[Site "Dresden GER"]
[Date "2008.11.17"]
[Round "5"]
[White "Dengler,D"]
[Black "Ryvova,A"]
[Result "1/2-1/2"]
[WhiteElo "2099"]
[BlackElo "2009"]
[EventDate "2008.11.13"]

1. e4 d5 2. exd5 Qxd5 3. Nc3 Qa5 4. d4 Bf5 5. Nf3 Nf6 6. Bd2 c6 7. Bc4 e6
8. O-O Qc7 9. Re1 Bd6 10. d5 cxd5 11. Bxd5 a6 12. Bb3 O-O 13. Bg5 Nbd7 14.
Qe2 h6 15. Bh4 Bg4 16. Bg3 Bxg3 17. hxg3 Rfd8 18. a4 Nb6 19. Rad1 Qc5 20.
Ne4 Nxe4 21. Qxe4 Bxf3 22. Qxf3 Qc7 23. c3 Nd7 24. Bc2 a5 25. Rd4 Nf6 26.
Red1 b6 27. Qf4 Qe7 28. Qd2 Rxd4 29. Qxd4 Qc7 30. Qd6 Qxd6 31. Rxd6 Rb8 32.
Bd3 Kf8 33. Bb5 Ke7 34. Rd2 Rd8 35. Rxd8 Kxd8 36. Kf1 Ne4 37. Ke2 Kc7 38.
Ke3 Nd6 39. Be2 e5 40. g4 Kc6 41. b4 Kd5 42. Kd3 1/2-1/2

[Event "38th Olympiad w"]
[Site "Dresden GER"]
[Date "2008.11.17"]
[Round "5"]
[White "Gerasimova,O"]
[Black "Dedijer,S"]
[Result "1/2-1/2"]
[WhiteElo "2316"]
[BlackElo "2049"]
[EventDate "2008.11.13"]

1. e4 e6 2. d4 d5 3. Nd2 dxe4 4. Nxe4 Nd7 5. Nf3 Ngf6 6. Nxf6+ Nxf6 7. Bc4
Be7 8. O-O O-O 9. Qe2 b6 10. Bf4 Bb7 11. Rad1 Nd5 12. Bg3 Bd6 13. Ne5 Qe7
14. c3 c5 15. dxc5 Bxc5 16. Bb5 Rfd8 17. Bd3 Rac8 18. a3 Bd6 19. Rfe1 Ba8
20. Ba6 Bb7 21. Bd3 Ba8 22. Qc2 h6 23. Qe2 Qg5 24. Nf3 Qh5 25. Bxd6 Rxd6
26. Be4 Rcd8 27. Nd4 Qxe2 28. Nxe2 Nf4 29. Rxd6 Nxe2+ 30. Kf1 Rxd6 31. Bxa8
Nf4 32. g3 Nd5 33. Ke2 Nf6 1/2-1/2

[Event "38th Olympiad w"]
[Site "Dresden GER"]
[Date "2008.11.17"]
[Round "5"]
[White "Malokas,N"]
[Black "Mucha,A"]
[Result "0-1"]
[WhiteElo "1912"]
[BlackElo "1965"]
[EventDate "2008.11.13"]

1. d4 f5 2. g3 Nf6 3. Bg2 g6 4. Nh3 Bg7 5. c3 e6 6. Nd2 d5 7. Nf3 O-O 8.
Nf4 Nc6 9. Nd3 Ne4 10. Nfe5 Nxe5 11. Nxe5 c5 12. O-O b6 13. f3 Nd6 14. Re1
Bb7 15. Be3 Bxe5 16. dxe5 Nc4 17. Bh6 Re8 18. f4 Nxb2 19. Qb3 Nc4 20. e3
Qc7 21. Rad1 Rad8 22. Bg5 Rd7 23. Bf6 Bc6 24. Bf1 Na5 25. Qc2 b5 26. Qe2 a6
27. g4 Qb6 28. Bg2 d4 29. exd4 cxd4 30. cxd4 Bxg2 31. Kxg2 0-1

[Event "38th Olympiad w"]
[Site "Dresden GER"]
[Date "2008.11.17"]
[Round "5"]
[White "Partac,E"]
[Black "Han Wong,Ir"]
[Result "1-0"]
[WhiteElo "2168"]
[BlackElo "2098"]
[EventDate "2008.11.13"]

1. e4 c5 2. Nc3 Nc6 3. g3 g6 4. Bg2 Bg7 5. d3 d6 6. Be3 Rb8 7. Nge2 Nd4 8.
O-O e6 9. Qd2 b5 10. Nc1 b4 11. Nd1 Ba6 12. c3 bxc3 13. bxc3 Nb5 14. a4 Nc7
15. f4 f5 16. e5 Kf7 17. exd6 Qxd6 18. Qf2 Bf8 19. c4 Nf6 20. h3 Bb7 21.
Nc3 Na6 22. Nb5 Qe7 23. Nb3 Bxg2 24. Qxg2 Bg7 25. Rad1 Rbc8 26. Na5 Nb4 27.
Qb7 Nd7 28. Nxa7 Rb8 29. Qf3 Ra8 30. N7c6 Qd6 31. d4 cxd4 32. Bxd4 Bxd4+
33. Rxd4 Qc5 34. Qf2 Kg7 35. Rxd7+ 1-0

[Event "38th Olympiad w"]
[Site "Dresden GER"]
[Date "2008.11.17"]
[Round "5"]
[White "Hernandez,Z"]
[Black "Bulmaga,I"]
[Result "0-1"]
[WhiteElo "2039"]
[BlackElo "2287"]
[EventDate "2008.11.13"]

1. e4 c5 2. Nf3 d6 3. d4 cxd4 4. Nxd4 Nf6 5. Nc3 Bd7 6. Bg5 e6 7. Qd2 a6 8.
Bd3 Nc6 9. Nb3 h6 10. Be3 Ng4 11. Bf4 Nge5 12. Be2 Be7 13. a4 Qc7 14. O-O
O-O 15. Be3 Be8 16. f4 Nd7 17. a5 Nf6 18. Bf3 Nb4 19. Bb6 Qb8 20. Na4 Bxa4
21. Rxa4 Nc6 22. Rd1 Nd7 23. Be3 Rd8 24. Qf2 Qc7 25. Raa1 Rac8 26. c3 Bf8
27. Qg3 Kh8 28. Bh5 Nc5 29. Nd2 d5 30. exd5 Rxd5 31. Bf3 Rd3 32. Qf2 Nd7
33. Nc4 Rxd1+ 34. Rxd1 Nf6 35. Bb6 Qxf4 36. Bxc6 Qxf2+ 37. Bxf2 bxc6 38.
Ne5 Kg8 39. Nc4 Be7 40. Bb6 Kf8 41. Kf1 Ke8 42. Ke2 Nd5 43. g3 f6 44. Kf3
e5 45. Ke4 Nc7 46. Kf5 Kf7 47. Rd7 g6+ 48. Ke4 Nb5 49. Bc5 Rc7 50. Nb6 Ke6
51. Bxe7 Rxd7 52. Nxd7 f5+ 53. Ke3 Kxd7 54. Bf8 h5 55. h4 Nd6 56. Kf3 Nc4
57. b4 Ke6 58. Bc5 Kd5 59. Bf8 Na3 60. Ke3 Nb5 61. Kd3 e4+ 62. Kd2 Kc4 63.
Bg7 Nc7 64. Be5 Nd5 65. Bd4 e3+ 66. Bxe3 Nxe3 67. Kxe3 Kxc3 68. Kf4 Kxb4
69. Kg5 c5 70. Kxg6 c4 71. Kxh5 c3 72. Kg6 c2 73. h5 c1=Q 74. h6 Qe3 0-1

[Event "38th Olympiad w"]
[Site "Dresden GER"]
[Date "2008.11.17"]
[Round "5"]
[White "Agababean,N"]
[Black "Otazo,A"]
[Result "1-0"]
[WhiteElo "2178"]
[BlackElo "1942"]
[EventDate "2008.11.13"]

1. d4 Nf6 2. Nf3 e6 3. Bf4 c5 4. e3 Qb6 5. Qc1 cxd4 6. exd4 Nc6 7. c3 d5 8.
Bd3 Bd7 9. Nbd2 Rc8 10. Qb1 Nh5 11. Bg3 Nxg3 12. hxg3 g6 13. Nf1 Bg7 14.
Ne3 Qa5 15. Kf1 e5 16. dxe5 Nxe5 17. Nxe5 Bxe5 18. Qe1 Kf8 19. Rh4 Re8 20.
Qd1 Bxg3 21. Rd4 Bc6 22. Ng4 Be5 23. Nxe5 Rxe5 24. f4 Rh5 25. Kg1 Qd8 26.
Be2 Rh6 27. Bf3 Qf6 28. Qd2 Kg7 29. Re1 Rd8 30. Re5 Qh4 31. a4 Qh1+ 32. Kf2
Qb1 33. Re1 Qf5 34. b3 Rh4 35. c4 Re8 36. Rxe8 Bxe8 37. cxd5 Bd7 38. Qc3
Qf6 39. Qe3 Rh1 40. Qe5 Rb1 41. Rb4 Rb2+ 42. Kg3 b6 43. Be4 h5 44. Kf3 Bg4+
45. Ke3 Re2+ 46. Kd3 Re1 47. a5 bxa5 48. Rb8 Qxe5 49. fxe5 f5 50. exf6+
Kxf6 51. Kd4 g5 52. Rf8+ Ke7 53. Rg8 Rd1+ 54. Ke5 Kf7 55. Ra8 Re1 56. Rxa7+
Ke8 57. Rxa5 Bd1 58. Ra1 h4 59. Kd4 Rf1 60. b4 g4 61. b5 Be2 62. Ra8+ Kd7
63. b6 Rd1+ 64. Ke5 Rd2 65. b7 Rb2 66. b8=Q Rxb8 67. Rxb8 1-0

[Event "38th Olympiad w"]
[Site "Dresden GER"]
[Date "2008.11.17"]
[Round "5"]
[White "Tetenkina,I"]
[Black "Wagener,A"]
[Result "1/2-1/2"]
[WhiteElo "2243"]
[BlackElo "2246"]
[EventDate "2008.11.13"]

1. c4 e5 2. Nc3 Nf6 3. g3 d5 4. cxd5 Nxd5 5. Bg2 Nb6 6. Nf3 Nc6 7. O-O Be7
8. d3 O-O 9. Be3 Be6 10. Rc1 f6 11. Ne4 Bd5 12. Nc5 Rb8 13. a3 f5 14. b4
Bf6 15. b5 Nd4 16. Bxd4 exd4 17. Nb3 Bf7 18. Rc5 g6 19. Qc2 Kh8 20. Rc1 Na4
21. Rxc7 Bxb3 22. Qxb3 Nc3 23. R7xc3 dxc3 24. d4 Qb6 25. e3 Rbc8 26. a4 Qa5
27. Ne1 c2 28. Bxb7 Qd2 29. Qb2 Rc3 30. Kf1 f4 31. gxf4 Bxd4 32. Rxc2 Rxc2
33. Qxc2 Bc3 34. Qxd2 Bxd2 35. Ke2 Ba5 36. Nd3 Rd8 37. Be4 Kg7 38. Kd1 Kf6
39. Kc2 Rc8+ 40. Bc6 Rd8 41. Nc5 Rd2+ 42. Kb3 Ke7 43. Ne4 Rd3+ 44. Kc4 Ra3
45. Kd5 Bb6 46. h4 Rxa4 47. Ng5 Ra2 48. Ne4 Rc2 49. h5 Rc1 50. hxg6 hxg6
51. Bb7 Rc2 52. Ke5 Rc1 53. Bd5 Rd1 54. Ng5 Rd2 55. Nh3 Rb2 56. Bc4 Rc2 57.
Bd3 Rc5+ 58. Ke4 Kf6 59. Ng1 Rc7 60. Nf3 Re7+ 61. Ne5 Bc7 62. Kd5 Bxe5 63.
fxe5+ Rxe5+ 64. Kd4 g5 65. f4 gxf4 66. exf4 Re8 67. Be4 Rd8+ 68. Kc5 Rc8+
69. Kd4 Rd8+ 70. Kc5 Rc8+ 71. Kd4 Rd8+ 72. Kc4 Rc8+ 73. Kd4 1/2-1/2

[Event "38th Olympiad w"]
[Site "Dresden GER"]
[Date "2008.11.17"]
[Round "5"]
[White "Pavlovskaia,E"]
[Black "Bakalarz,G"]
[Result "1-0"]
[WhiteElo "2197"]
[BlackElo "2001"]
[EventDate "2008.11.13"]

1. e4 d6 2. d4 Nf6 3. Nc3 g6 4. Be3 c6 5. Qd2 b5 6. f3 Nbd7 7. h4 h5 8. Nh3
Nb6 9. Ng5 Qc7 10. a4 Nc4 11. Bxc4 bxc4 12. O-O Bg7 13. Qe2 Ba6 14. b4 O-O
15. b5 cxb5 16. axb5 Bb7 17. Ra4 Rfc8 18. Rfa1 Qb8 19. Rxc4 d5 20. Rxc8+
Qxc8 21. Nxd5 Nxd5 22. exd5 Bxd5 23. Ra4 Qc3 24. Ne4 Qb2 25. Kf2 Rc8 26. c3
Qb3 27. Rb4 Qa3 28. Bd2 e5 29. Nd6 Rxc3 30. Bxc3 Qxc3 31. Ra4 exd4 32. Ne4
Qb3 33. Rxa7 d3 34. Qe3 Qb2+ 35. Kf1 Bd4 36. Nf6+ Bxf6 37. Qxd3 Qc1+ 38.
Kf2 Qc5+ 39. Qe3 Bd4 40. Ke2 1-0

[Event "38th Olympiad w"]
[Site "Dresden GER"]
[Date "2008.11.17"]
[Round "5"]
[White "Mencos,C"]
[Black "Algildah,N"]
[Result "1/2-1/2"]
[WhiteElo "1914"]
[BlackElo "1951"]
[EventDate "2008.11.13"]

1. e4 c6 2. d4 d5 3. Nd2 dxe4 4. Nxe4 Bf5 5. Ng3 Bg6 6. h4 h6 7. Nf3 Nd7 8.
h5 Bh7 9. Bd3 Bxd3 10. Qxd3 Ngf6 11. Bd2 e6 12. O-O-O Qc7 13. Kb1 O-O-O 14.
Qe2 Bd6 15. Ne4 Nxe4 16. Qxe4 Nf6 17. Qe2 Rhe8 18. Ne5 Re7 19. Rh4 Ree8 20.
Nc4 e5 21. Ba5 b6 22. Nxd6+ Rxd6 23. Bc3 Qd7 24. Kc1 e4 25. b3 Qf5 26. Kb1
Red8 27. Rdh1 Kb7 28. g4 Qd7 29. Rg1 Rd5 30. f3 Re8 31. f4 e3 32. Rh3 Qe6
33. Bb2 Qe4 34. g5 Nh7 35. gxh6 gxh6 36. Bc1 Qxd4 37. Rxe3 Rxe3 38. Qxe3
Nf6 39. Rg7 Qxe3 40. Rxf7+ Rd7 41. Rxd7+ Nxd7 42. Bxe3 Nf6 43. f5 Nxh5 44.
Bxh6 Kc8 45. Be3 Kd7 46. a4 Ng3 47. a5 c5 48. axb6 axb6 49. f6 Ne4 50. b4
Ke6 51. Kb2 Kxf6 52. Kb3 Ke6 53. bxc5 bxc5 54. Kc4 Kd6 55. Bc1 Kc6 56. Bf4
Nf6 57. Bg5 Nd7 1/2-1/2

[Event "38th Olympiad w"]
[Site "Dresden GER"]
[Date "2008.11.17"]
[Round "5"]
[White "Mazariegos,S"]
[Black "Al Jelda,F"]
[Result "1-0"]
[WhiteElo "1962"]
[BlackElo "1857"]
[EventDate "2008.11.13"]

1. d4 Nf6 2. Nf3 g6 3. e3 d6 4. Bd3 Bg7 5. Nbd2 O-O 6. h3 Nbd7 7. c3 e5 8.
O-O Re8 9. e4 d5 10. dxe5 Nxe5 11. Nxe5 Rxe5 12. f4 Re8 13. e5 Nd7 14. Nf3
Nc5 15. Bc2 Be6 16. Qe1 Kh8 17. Bd2 c6 18. b4 Nd7 19. g4 f5 20. Ng5 Qe7 21.
Qe2 h6 22. Nxe6 Qxe6 23. gxf5 gxf5 24. Qh5 Rf8 25. Rf2 Qe8 26. Qf3 Rg8 27.
Rg2 Qf7 28. Kh1 Bf8 29. Rag1 Rxg2 30. Qxg2 Re8 31. Bxf5 Rd8 32. e6 1-0

[Event "38th Olympiad w"]
[Site "Dresden GER"]
[Date "2008.11.17"]
[Round "5"]
[White "Mir Mahmoud,A"]
[Black "Figueroa,J"]
[Result "1-0"]
[WhiteElo "2024"]
[BlackElo "1761"]
[EventDate "2008.11.13"]

1. d4 d5 2. c4 e6 3. Nc3 Nf6 4. cxd5 exd5 5. Bg5 Be7 6. Qc2 h6 7. Bh4 O-O
8. e3 b6 9. Bd3 Bb7 10. Nf3 c5 11. O-O Nc6 12. dxc5 Nb4 13. Qe2 Nxd3 14.
Qxd3 bxc5 15. Rfd1 Qb6 16. Rd2 Rfd8 17. Rad1 d4 18. exd4 cxd4 19. Nxd4 Bc5
20. Na4 Qb4 21. Nxc5 Qxc5 22. Bxf6 gxf6 23. Qf5 Rd5 24. Qxf6 Rg5 25. Nf3
Rg6 26. Rd8+ Rxd8 27. Rxd8+ 1-0

[Event "38th Olympiad w"]
[Site "Dresden GER"]
[Date "2008.11.17"]
[Round "5"]
[White "Al Omari,Dalya"]
[Black "Tsiganova,M"]
[Result "0-1"]
[WhiteElo "2109"]
[BlackElo "2208"]
[EventDate "2008.11.13"]

1. e4 c5 2. Nf3 d6 3. Bc4 e6 4. O-O Nf6 5. Nc3 Be7 6. a3 O-O 7. d4 d5 8. e5
cxd4 9. Nxd4 dxc4 10. exf6 Bxf6 11. Be3 a6 12. Nf3 Bd7 13. Bc5 Re8 14. Ne4
Bc6 15. Qxd8 Bxd8 16. Nd6 Be7 17. Nxe8 Bxc5 18. Nc7 Ra7 19. Rad1 Nd7 20.
Rfe1 Kf8 21. Nxe6+ fxe6 22. Rxe6 Be7 23. Rde1 Bf6 24. c3 Nc5 25. R6e3 Nd3
26. R1e2 Ra8 27. Nd4 Bxd4 28. cxd4 Rd8 29. Rc2 Rxd4 30. Kf1 Nf4 31. f3 Ba4
32. Rc1 Nd3 33. Rc3 Nxb2 34. Re4 Rd2 35. Rf4+ Kg8 36. Re3 Bb5 37. Ke1 Rxg2
38. Rd4 h6 39. Rd8+ Kh7 40. Re7 c3 41. Rc8 Nd3+ 42. Kf1 Nf4+ 43. Ke1 Rg1+
44. Kf2 Nh3+ 0-1

[Event "38th Olympiad w"]
[Site "Dresden GER"]
[Date "2008.11.17"]
[Round "5"]
[White "Gansvind,V"]
[Black "Mohammed Qane,J"]
[Result "1-0"]
[WhiteElo "2212"]
[BlackElo "1913"]
[EventDate "2008.11.13"]

1. d4 d5 2. e3 e6 3. Nd2 c5 4. Ngf3 Nc6 5. b3 cxd4 6. exd4 Bb4 7. Bb2 Nf6
8. a3 Be7 9. Bd3 O-O 10. O-O a6 11. Ne5 Nxe5 12. dxe5 Nd7 13. c4 dxc4 14.
Nxc4 Nc5 15. Bc2 b5 16. Nd6 Nb7 17. Qd3 g6 18. Qd4 Kg7 19. Be4 Rb8 20. Rfd1
Na5 21. Qa7 Qb6 22. Qxe7 Nxb3 23. Rab1 Qc5 24. Qf6+ Kg8 25. Qf3 Na5 26. Bd4
Qc7 27. Rbc1 Qe7 28. Bc5 Qg5 29. Bb4 Nc4 30. Nxc4 Qxc1 31. Rxc1 1-0

[Event "38th Olympiad w"]
[Site "Dresden GER"]
[Date "2008.11.17"]
[Round "5"]
[White "Cua,Sherc"]
[Black "Milligan,H"]
[Result "1/2-1/2"]
[WhiteElo "2154"]
[BlackElo "1957"]
[EventDate "2008.11.13"]

1. d4 Nf6 2. c4 e6 3. Nf3 b6 4. g3 Bb7 5. Bg2 Bb4+ 6. Bd2 Be7 7. O-O O-O 8.
Nc3 d5 9. Ne5 Nbd7 10. Qa4 Nxe5 11. dxe5 Ne4 12. Nxe4 dxe4 13. Bc3 Qe8 14.
Qc2 Qc6 15. b3 Rad8 16. Rad1 a5 17. e3 Rxd1 18. Rxd1 Rd8 19. Rd4 Rxd4 20.
exd4 h6 21. Qe2 Bf8 22. h4 a4 23. Be1 Be7 24. Bd2 Bf8 25. g4 axb3 26. axb3
Be7 27. g5 hxg5 28. Bxg5 Bxg5 29. hxg5 b5 30. c5 Qa6 31. Bxe4 Bxe4 32. Qxe4
Qa1+ 33. Kg2 Qd1 34. g6 fxg6 35. Qxg6 Qxb3 36. Qe8+ Kh7 37. Qh5+ Kg8 38.
Qe8+ Kh7 39. Qh5+ Kg8 40. Qe8+ 1/2-1/2

[Event "38th Olympiad w"]
[Site "Dresden GER"]
[Date "2008.11.17"]
[Round "5"]
[White "Maroroa,S"]
[Black "Rivera,Dai"]
[Result "0-1"]
[WhiteElo "1938"]
[BlackElo "2073"]
[EventDate "2008.11.13"]

1. e4 c5 2. Nc3 a6 3. a4 b6 4. d3 e6 5. f4 Ne7 6. Nf3 Bb7 7. d4 cxd4 8.
Nxd4 Qc7 9. Be3 d5 10. e5 Nec6 11. Nce2 Nd7 12. h4 h5 13. c3 g6 14. Nxc6
Bxc6 15. Nd4 Bb7 16. g4 Be7 17. Bf2 Nc5 18. g5 Rc8 19. Rh2 Nd7 20. Bd3 Nxe5
21. Bg3 Nxd3+ 22. Qxd3 Qc4 23. Qd1 O-O 24. Re2 Bc5 25. Bf2 Bd6 26. Bg3 Rfe8
27. Qd2 Bb8 28. Nf3 Rcd8 29. Qe3 Qc5 30. Nd4 Rc8 31. Qd3 Bd6 32. Rd1 Kh7
33. Rc1 Qc7 34. Qe3 Qd7 35. Ra1 Rc4 36. b3 Rcc8 37. Rc1 Qc7 38. Kd2 Re7 39.
Rce1 Rce8 40. Nf3 Rc8 41. Rc1 b5 42. axb5 axb5 43. b4 Bxb4 44. Nd4 Bc5 45.
Kd1 Qb6 46. Bf2 Bxd4 47. Qxd4 Qxd4+ 48. Bxd4 Ra8 49. Rcc2 Rc7 50. Red2 Rc4
51. Be5 Rca4 52. Ke2 Kg8 53. Rb2 Bc6 54. Bd6 Kg7 55. Be5+ Kf8 56. Bd6+ Ke8
57. Be5 Kd7 58. Rd1 Ra1 59. Rbd2 Rxd1 60. Rxd1 Bb7 61. Bd4 Kc6 62. Rb1 Ra2+
63. Kf3 Ba6 64. Kg3 Bc8 65. Be5 Bd7 66. Rb4 Ra4 67. Kf3 Kb6 0-1

[Event "38th Olympiad w"]
[Site "Dresden GER"]
[Date "2008.11.17"]
[Round "5"]
[White "Camacho,C"]
[Black "Gao,J"]
[Result "1-0"]
[WhiteElo "2100"]
[BlackElo "1896"]
[EventDate "2008.11.13"]

1. e4 c6 2. d4 d5 3. exd5 cxd5 4. Bd3 e6 5. Nf3 Bd6 6. O-O Nf6 7. c3 O-O 8.
Ne5 Qc7 9. Bf4 Nc6 10. Re1 Rb8 11. Re3 b5 12. g4 Ne7 13. Nd2 b4 14. g5 Nd7
15. Bxh7+ 1-0

[Event "38th Olympiad w"]
[Site "Dresden GER"]
[Date "2008.11.17"]
[Round "5"]
[White "Smith,V"]
[Black "Bernales,C"]
[Result "0-1"]
[WhiteElo "1858"]
[BlackElo "1998"]
[EventDate "2008.11.13"]

1. e4 e6 2. d4 d5 3. exd5 exd5 4. c4 c6 5. Nc3 Be6 6. cxd5 cxd5 7. Bb5+ Nc6
8. Nge2 Bd6 9. O-O Nge7 10. Bf4 O-O 11. Qd2 Bb4 12. a3 Ba5 13. Ba4 a6 14.
b4 Bb6 15. Rac1 Rc8 16. h3 Nf5 17. Bxc6 Rxc6 18. Na4 Ba7 19. Rxc6 bxc6 20.
Rc1 Bd7 21. Nc5 Bxc5 22. Rxc5 Qf6 23. Be5 Qe7 24. Rc2 Re8 25. Bc7 Nh4 26.
Qf4 Ng6 27. Qd6 Bf5 28. Rd2 Qe4 29. Qxc6 Rc8 30. Qd6 Nh4 0-1

[Event "38th Olympiad w"]
[Site "Dresden GER"]
[Date "2008.11.17"]
[Round "5"]
[White "Cordero,D"]
[Black "Winkelmann,E"]
[Result "0-1"]
[WhiteElo "1990"]
[BlackElo "2096"]
[EventDate "2008.11.13"]

1. d4 Nf6 2. Nf3 e6 3. c4 b6 4. Nc3 Bb7 5. e3 d5 6. cxd5 Nxd5 7. Bb5+ c6 8.
Bd3 Nd7 9. O-O Be7 10. e4 Nxc3 11. bxc3 c5 12. Qe2 O-O 13. Bf4 Nf6 14. Rfd1
c4 15. Bc2 b5 16. a4 a6 17. Rab1 Qa5 18. Qe1 Rfd8 19. h3 h6 20. Ne5 Rac8
21. axb5 axb5 22. Ra1 Qb6 23. Qe3 Bd6 24. Rdb1 Bxe5 25. Bxe5 Nd7 26. Bf4
Ra8 27. Qg3 e5 28. Bxe5 Nxe5 29. Qxe5 Rxa1 30. Rxa1 b4 31. cxb4 Qxd4 32.
Qxd4 Rxd4 33. b5 Rd2 34. Rc1 Kf8 35. Kf1 Ke7 36. Ke1 Rd4 37. f3 Kd6 38. Ke2
Kc5 39. Ke3 Rd8 40. Bd1 Rd3+ 41. Ke2 Ra3 42. Kd2 Kd4 43. Bc2 c3+ 44. Ke2
Ra2 45. Rd1+ Kc4 46. Rc1 Kxb5 47. Kd3 Kb4 48. f4 Ba6+ 49. Kd4 Bc4 50. g4
Bb3 51. Bd3 Ra8 52. e5 Rd8+ 53. Ke4 Bc4 54. Bc2 Ka3 55. Rb1 Rd2 56. Rb8
Rxc2 57. Kd4 Bb3 58. f5 Kb2 59. Ke3 Rh2 60. e6 fxe6 61. fxe6 c2 62. Kd4 0-1

[Event "38th Olympiad w"]
[Site "Dresden GER"]
[Date "2008.11.17"]
[Round "5"]
[White "Steinbacher,C"]
[Black "Barrenechea,S"]
[Result "1-0"]
[WhiteElo "2203"]
[BlackElo "1994"]
[EventDate "2008.11.13"]

1. d4 d5 2. c4 dxc4 3. Nf3 Nf6 4. Nc3 Bf5 5. e3 e6 6. Bxc4 Nbd7 7. O-O c5
8. Re1 Bg4 9. d5 exd5 10. Nxd5 Bd6 11. h3 Bh5 12. Nf4 Bxf3 13. Qxd6 Bc6 14.
e4 Qe7 15. e5 Ne4 16. Qxe7+ Kxe7 17. Nd5+ Kd8 18. Rxe4 b5 19. Bg5+ f6 20.
exf6 gxf6 21. Nxf6 Bxe4 22. Nxe4+ Kc7 23. Bxb5 Rac8 24. Bf4+ 1-0

[Event "38th Olympiad w"]
[Site "Dresden GER"]
[Date "2008.11.17"]
[Round "5"]
[White "Solis,G"]
[Black "Beltz,F"]
[Result "0-1"]
[WhiteElo "1929"]
[BlackElo "2109"]
[EventDate "2008.11.13"]

1. d4 Nf6 2. Nf3 g6 3. c4 Bg7 4. Nc3 d5 5. Bf4 O-O 6. e3 c5 7. Bd3 Qa5 8.
O-O cxd4 9. exd4 Bg4 10. h3 dxc4 11. Bxc4 Bxf3 12. Qxf3 Qb4 13. Qe2 Rc8 14.
Bd5 Nc6 15. Be5 e6 16. Bf3 Nxe5 17. dxe5 Nd7 18. Nb5 Rc5 19. Nc3 Rxe5 20.
Qd2 Nc5 21. Rfd1 Qb6 22. Rac1 Na6 23. Na4 Qb5 24. Nc3 Qb6 25. Na4 Qb4 26.
Qc2 Rb8 27. Rd7 Re1+ 28. Rxe1 Qxe1+ 29. Kh2 Nb4 30. Qe4 Be5+ 31. g3 Qxf2+
32. Bg2 Bxg3+ 33. Kh1 Nd5 34. Qf3 Qe1+ 35. Bf1 f5 36. Qe2 Nf4 37. Qxe1 Bxe1
38. Nc5 Rc8 39. Nxb7 Rc1 40. Kh2 Rc2+ 41. Kh1 Rxb2 42. Nc5 Bh4 43. Bc4 Bg3
44. Bf1 Rb1 45. Kg1 h5 46. Rxa7 h4 47. Rb7 Nxh3+ 48. Kg2 Nf4+ 49. Kg1 Rc1
50. Nb3 Rd1 51. Rb8+ Kg7 52. Rc8 h3 53. Rc1 Ne2+ 0-1